[Event "EU-chT (Men) 13th"]
[Site "Leon"]
[Date "2001.11.08"]
[Round "3.2"]
[White "Navara, David"]
[Black "Kallio, Heikki"]
[Result "1-0"]
[WhiteElo "2499"]
[BlackElo "2517"]
[Annotator "Wells,P"]
[PlyCount "49"]
[EventDate "2001.11.06"]
[EventType "team-swiss"]
[EventRounds "9"]
[EventCountry "ESP"]
[SourceTitle "CBM 086"]
[Source "ChessBase"]
[SourceDate "2002.02.05"]
[SourceVersion "1"]
[SourceVersionDate "2002.02.05"]
[SourceQuality "1"]
[WhiteTeam "Czech Republic"]
[BlackTeam "Finland"]
[WhiteTeamCountry "CZE"]
[BlackTeamCountry "FIN"]

1. e4 d6 2. d4 Nf6 3. Nc3 g6 4. Be3 Bg7 5. Qd2 Nc6 6. f3 e5 7. Nge2 O-O 8.
O-O-O exd4 9. Nxd4 $14 {( at least! )} Re8 10. g4 $1 {Black's situation is
already unenviable. Middle game theory offers us three basic responses to such
a wing attack:  1) a strike back on the other wing, which would here require
considerable preparation and arguably be as likely to generate weaknesses in
black's camp as it would fear in white's;  2) a response on the same side - in
the game as we shall see, this does nothing to hinder white's line-opening
aspirations; 3) a strike back in the centre, often at least by implication
'theory's' preferred method. Indeed here it would be the most apposite, but
white's superior space and grip on the centre effectively prevents it.  So,
white's attack builds up unrestrained, and he is able to inflict decisive
weaknesses on his opponent's king-side structure with shockingly little delay.}
Bd7 11. h4 Ne5 12. Be2 h5 13. gxh5 $1 {Of course. Stronger than} (13. g5 Nh7 {
[%csl Gg4][%cal Yf3f4,Ge5g4,Yf4f5] after which, while white's coming advance
of the f-pawn would not be without a certain potency, black would at least be
likely to be able to boast a hold on the g4 square, which would constitute
some kind of defensive resource.}) 13... Nxh5 14. Bg5 f6 {[%csl Rg6] A pretty
ghastly thing to have to do. g6 becomes a serious target. However,} (14... Qc8
15. Nd5 {is not much of an improvement.}) 15. Be3 a6 16. Rhg1 c5 17. Nb3 c4 18.
Nd4 {Black's queen-side gestures have not so much as taken a really good
square away from white's pieces.} b5 19. f4 b4 {#} 20. fxe5 bxc3 21. Qxc3 fxe5
22. Rxg6 $1 exd4 23. Bxd4 {[%cal Yc3g7,Yg6g7] now it turns into a rout.} Bf5
24. exf5 Nf4 25. Bxc4+ {A severe lesson on avoiding the type of spatial
deficit which affords white an 'easy to construct' direct attack on the king.}
1-0

[Event "RUS-Cup4"]
[Site "Perm"]
[Date "1997.??.??"]
[Round "1"]
[White "Yakovich, Yuri"]
[Black "Genba, Vladimir"]
[Result "1-0"]
[WhiteElo "2575"]
[BlackElo "2415"]
[Annotator "Yakovich,Y"]
[PlyCount "51"]
[EventDate "1997.02.02"]
[EventType "swiss"]
[EventRounds "9"]
[EventCountry "RUS"]
[SourceTitle "CBM 058"]
[Source "ChessBase"]
[SourceDate "1997.06.01"]
[SourceVersion "1"]
[SourceVersionDate "1997.06.01"]
[SourceQuality "1"]

1. d4 {Blatny} d6 2. e4 Nf6 3. Nc3 e5 4. Nf3 Nbd7 5. Bc4 Be7 6. O-O O-O 7. Re1
c6 8. a4 a5 9. Ba2 h6 (9... Qe8 {Blatny} 10. h3 Bd8 11. Be3 Qe7 12. Nh4 g6 13.
Nf3 Kg7 14. Nd2 Nh5 15. Nc4 $14 {1-0 Glek,I-Dreyer,M/Hamburg Wichern op 1993 
(25)}) 10. h3 (10. Nh4 {Blatny} Nxe4 11. Nxe4 Bxh4 12. dxe5 dxe5 13. Qh5 Nb6
14. Bxh6 $40 {1-0 Emms,J-Pedersen,S/Gausdal AC 1993 (40)}) (10. Qd3 {Blatny}
exd4 11. Nxd4 Ne5 12. Qd1 Re8 13. h3 Ng6 14. Be3 Bf8 15. Qe2 Qe7 16. f3 Qc7 17.
Qd2 d5 18. exd5 Bd6 19. dxc6 bxc6 20. Ne4 Bh2+ 21. Kh1 Nh5 22. Bf2 Bd7 23. Rad1
Rad8 24. Qc3 Ng3+ 25. Nxg3 Bxg3 26. Qc4 Bxh3 27. Rxe8+ Rxe8 28. Qxf7+ Qxf7 29.
Bxf7+ Kxf7 30. Bxg3 Bd7 31. Nxc6 Bf5 32. Nd4 Bd7 33. Nb5 Re7 34. Nd6+ Ke6 35.
Nb7 Be8 36. Nxa5 Ra7 37. Re1+ Kd7 38. Nc4 Bf7 39. Nb6+ Kd8 40. b3 h5 41. c4 h4
42. Bd6 Bg8 43. Kh2 Rf7 44. a5 Ra7 45. b4 Bf7 46. Re4 Be8 47. Rg4 {1-0 Aseev,
K-Belikov,V/Moscow Alekhine op 1992}) 10... Re8 (10... Nh7 {Blatny} 11. Be3 Ng5
12. Nd2 Nb6 13. Nc4 Nxc4 14. Bxc4 exd4 15. Bxd4 Be6 $11 {Tseshkovsky,
V-Malaniuk,V/Wisla BES 1992/1/2-1/2 (51)}) 11. Be3 (11. Nh4 {Blatny} exd4 12.
Qxd4 Nf8 13. Qd3 d5 14. exd5 Nxd5 15. Nf5 Bf6 16. Rxe8 Qxe8 $132 {1-0 Tiviakov,
S-Pedersen,S/Gausdal AC 1993 (42)}) 11... Bf8 (11... Nh7 {Blatny} 12. Ne2 Ng5
13. Ng3 Bf6 14. Nxg5 Bxg5 15. Qh5 Qf6 16. Nf5 d5 17. dxe5 Rxe5 18. Bd4 $14 {
1-0 Malaniuk,V-Maljutin,E/Wisla BES 1992 (38)}) 12. Nd2 $1 {[%cal Rd2c4,Rc4d6,
Rc4b6,Re3b6]} (12. d5 $5 Nb6 13. Qd3 Bd7 14. Nd2 $14 (14. Nd2 {Blatny} Be7 15.
Nc4 Nc8 16. f4 $1 exf4 17. Bxf4 cxd5 18. exd5 $16 {Tseitlin,M.S-Nevednichy,V/
Tiraspol/1994/1:0/54/})) (12. Nh4 d5 13. dxe5 (13. exd5 Nxd5 14. Bxd5 Qxh4 (
14... cxd5 15. Nf5 Nb6 $13) 15. Bb3 Nf6 16. dxe5 Rxe5 17. Qd4 Qxd4 18. Bxd4
Rxe1+ $11 {Kupreychik-Chuprov /Denmark 1995} (18... Rxe1+ {Blatny} 19. Rxe1 $16
{1-0 Kupreichik,V-Chuprov,A/Kurgan 1995 (40)})) 13... Nxe4 14. Nxd5 Nxe5 15.
Nb6 Qxh4 16. Nxa8 Bxh3 17. Qe2 Bg4 18. f3 Ng3 19. Qd1 Bxf3 {0-1 Shtyrenkov
Veniamen-Pedersen Steffen/It (open) 1993}) (12. dxe5 dxe5 13. Qd3 (13. Nd2 Bb4
14. Qf3 $14) 13... Bb4 $2 14. Qc4 Qe7 15. Nh4 $16 (15. Nh4 {Blatny} Nc5 16.
Bxc5 Bxc5 17. Ng6 Qd6 18. Qxf7+ $16 {1-0 Markowski,T-Pedersen,S/Katowice op
1993 (37)})) (12. Qd3 exd4 13. Bxd4 Qc7 14. Nh4 Ne5 15. Qd1 Be6 16. Bxe6 Rxe6
17. Nf5 Rae8 18. f4 Ned7 19. Qf3 g6 20. Ng3 Bg7 $14 {Vokarev-Prokopchuk/
Russia 1995}) 12... Qc7 (12... exd4 13. Bxd4 Nc5 14. Qf3 Be6 15. Bxe6 Rxe6 16.
Bxc5 dxc5 17. Rad1 Qc7 18. Nc4 Rae8 19. Re3 Nd7 20. Qg3 Ne5 21. Nxe5 Rxe5 22.
f4 R5e6 23. e5 c4 24. Ne4 f5 25. Nf2 b5 26. Re2 Qb6 27. Rd7 bxa4 28. c3 Rd8 29.
Rxd8 Qxd8 30. Qe3 Qd5 31. Rd2 Bc5 32. Qe2 Qe4 33. Qxe4 fxe4 34. Rd8+ Kf7 35.
Kf1 e3 36. Ne4 Bf8 37. Ke2 a3 38. bxa3 Bxa3 {1-0 Balashov Yuri S-Berezjuk S/
1993}) (12... Nb6 13. Qf3 (13. f4 $5) (13. f4 {Blatny} exf4 14. Bxf4 d5 15. e5
Nh7 16. Nf3 $13 {1-0 Pugachov,A-Pospelov,E/Kurgan 1995 (37)}) 13... Be6 14. d5)
13. Nc4 $16 exd4 (13... b6 {Blatny} 14. d5) 14. Bxd4 Nxe4 $2 (14... b6 {Blatny}
15. Qd2 $14) 15. Nxe4 d5 16. Qh5 $2 (16. Nb6 Nxb6 17. Nf6+ $18 (17. Nf6+ {
Blatny} gxf6 18. Rxe8 $16)) 16... Rxe4 (16... g6 17. Qh4 (17. Qg4 {Blatny} Rxe4
18. Rxe4 $16) 17... dxe4 18. Nb6 Nxb6 19. Qf6) (16... dxe4 17. Nd6 $18) 17.
Rxe4 dxe4 18. Nd6 $1 Qxd6 19. Qxf7+ Kh7 20. Qg8+ Kg6 21. Bf7+ $1 Kf5 (21... Kg5
22. Bxg7 Bxg7 23. Qxg7+ Kf5 24. Bg6+ $1 Qxg6 (24... Ke6 25. Qf7+ Ke5 26. Qf5+
Kd4 27. Rd1+ $16) 25. g4+ Kg5 26. h4+) 22. Qh7+ Kg5 (22... g6 23. Bxg6+ Qxg6
24. g4+ $18) 23. h4+ Kxh4 24. Qxe4+ Kg5 25. f4+ Kh4 26. Bf2+ 1-0